|
|
|
|
| LEADER |
00552nam a22001457a 4500 |
| 020 |
|
|
|a 9780415830591
|
| 082 |
|
|
|a 303.6
|b SUB.A
|
| 100 |
|
|
|a Suba Chandran, D,Ed.
|
| 100 |
|
|
|a Chari,P R.Ed.
|
| 245 |
|
|
|a Armed conflicts in South Asia, 2012 :
|b uneasy stasis and fragile peace /
|c edited by D Suba Chandran and P R Chari.
|
| 260 |
|
|
|a New Delhi :
|b Routledge,
|c 2013.
|
| 300 |
|
|
|a 226p.
|
| 942 |
|
|
|c BK
|
| 999 |
|
|
|c 300240
|d 300240
|
| 952 |
|
|
|0 0
|1 0
|4 0
|6 303_600000000000000_SUB_A
|7 0
|8 NFIC
|9 320557
|a POL
|b POL
|c GEN
|d 2020-09-28
|l 0
|o 303.6 SUB.A
|p POL20208
|r 2020-09-28
|w 2020-09-28
|y BK
|